[Event "1st WCh-Team Women"]
[Site "Ekaterinburg RUS"]
[Date "2007.05.27"]
[Round "7"]
[White "Chiburdanidze,M"]
[Black "Le Kieu Thien Kim"]
[Result "1-0"]
[WhiteElo "2510"]
[BlackElo "2298"]

1.d4 d5 2.c4 e6 3.Nf3 Nf6 4.Nc3 Be7 5.Bf4 O-O 6.e3 b6 7.cxd5 exd5 8.Bd3 h6
9.Qc2 c5 10.Ne5 Bb7 11.Rd1 Nc6 12.Bf5 Bd6 13.O-O Qe7 14.Nxc6 Bxc6 15.Bxd6 Qxd6
16.dxc5 bxc5 17.Ne4 Nxe4 18.Bxe4 Rad8 19.Rd2 Qe7 20.Bf3 Rd7 21.Rc1 Bb7 22.Rdd1 d4
23.Bxb7 Rxb7 24.exd4 cxd4 25.Rxd4 Re8 26.h3 Qe5 27.Rcd1 Rb6 28.Rd8 Rg6 29.Qc8 Re6
30.Rxe8+ Rxe8 31.Rd8 Qe1+ 32.Kh2 Qe5+ 33.g3 Rxd8 34.Qxd8+ Kh7 35.Qd3+ Kg8
36.Qe3 Qc7 37.b4 a6 38.a4 Qc6 39.a5 f5 40.h4 Qc4 41.h5 Qxb4 42.Qe6+ Kh8 43.Qc8+ Kh7
44.Qxf5+  1-0

[Event "1st WCh-Team Women"]
[Site "Ekaterinburg RUS"]
[Date "2007.05.28"]
[Round "8"]
[White "Chiburdanidze,M"]
[Black "Lahno,Kateri"]
[Result "1/2-1/2"]
[WhiteElo "2510"]
[BlackElo "2467"]

1.d4 Nf6 2.Nf3 e6 3.c4 d5 4.Nc3 dxc4 5.Qa4+ c6 6.Qxc4 b5 7.Qd3 Nbd7 8.e4 b4
9.Na4 Qa5 10.b3 c5 11.d5 c4 12.Qxc4 exd5 13.Qc6 Rb8 14.e5 Bb7 15.Qb5 Qxb5
16.Bxb5 a6 17.Bxd7+ Nxd7 18.Be3 Rc8 19.Nb6 Nxb6 20.Bxb6 Kd7 21.Nd4 Ba8 22.Ne2 Be7
23.Kd2 Bc6 24.f4 f6 25.Bd4 fxe5 26.Bxe5 Rhe8 27.Rac1 Bf8 28.h4 a5 29.Nd4 Bd6
30.Bxd6 Kxd6 31.Rhe1 Bd7 32.Rxc8 Rxc8 33.Re3 Rf8 34.g3 Ra8 35.Re5 h6 36.Nc2 Rc8
37.Re1 Bf5 38.Nd4 Be4 39.Rc1 Rxc1 40.Kxc1  1/2-1/2

[Event "King's Tournament"]
[Site "Bazna ROM"]
[Date "2007.06.17"]
[Round "2"]
[White "Chiburdanidze,M"]
[Black "Andersson,U"]
[Result "1/2-1/2"]
[WhiteElo "2510"]
[BlackElo "2528"]

1.d4 Nf6 2.c4 e6 3.Nf3 Bb4+ 4.Bd2 c5 5.Bxb4 cxb4 6.e3 b6 7.Be2 Bb7 8.O-O O-O
9.Ne5 d6 10.Nd3 a5 11.a3 bxa3 12.bxa3 Nbd7 13.Nd2 Ne4 14.Nxe4 Bxe4 15.Qd2 Qe7
16.Rfc1 Rfc8 17.Nb2 Rab8 18.Na4 Bc6 19.Nc3 Nf6 20.Bd3 g6 21.Rcb1 d5 22.cxd5 Nxd5  1/2-1/2

[Event "King's Tournament"]
[Site "Bazna ROM"]
[Date "2007.06.18"]
[Round "3"]
[White "Sokolov,And1"]
[Black "Chiburdanidze,M"]
[Result "1/2-1/2"]
[WhiteElo "2584"]
[BlackElo "2510"]

1.e4 c6 2.d4 d5 3.e5 Bf5 4.Nf3 e6 5.Be2 Nd7 6.O-O Bg4 7.Ng5 Bxe2 8.Qxe2 h6
9.Nh3 Ne7 10.Nf4 Nf5 11.c3 h5 12.Nd2 g6 13.Nf3 Be7 14.Nh3 Kf8 15.Bg5 Kg7
16.Qd2 c5 17.Qf4 Rc8 18.Rad1 Nb6 19.dxc5 Rxc5 20.Nd4 Nxd4 21.cxd4 Rc2 22.Rd3 Bxg5
23.Nxg5 Qe7 24.Rf3 Rf8 25.b3 Nd7 26.h4 f6 27.exf6+ Rxf6 28.Qe3 Rxf3 29.Qxf3 Qf6
30.Qd3 Rxa2 31.Qb5 Nf8 32.Qxb7+ Kg8 33.Nf3 a5 34.Qc7 Qf7 35.Qb6 Qf4 36.Re1 Rb2
37.Qb5 Qf5 38.Rc1 Rb1 39.Rxb1 Qxb1+ 40.Kh2 Qc2 41.Qxa5 Qxb3 42.Qd8 Qc2 43.Ne5 Qf5
44.Kg3 Kg7 45.Qe7+ Kg8 46.Qd8 Kg7 47.Qe7+ Kg8 48.f3 Nh7 49.Qe8+ Kg7 50.Qe7+ Kg8
51.Qd8+ Kg7 52.Qc7+ Kg8 53.Nc6 Qf6 54.Qd8+ Kg7 55.Qxf6+ Kxf6 56.Kf4 g5+ 57.hxg5+ Nxg5
58.Ne5 Nh7 59.Nd7+ Ke7 60.Ne5 Kf6 61.g3 Ng5 62.Nd7+ Kg6 63.Ne5+ Kf6 64.Nd7+ Kg6
65.g4 hxg4 66.Ne5+ Kf6 67.fxg4 Nh3+ 68.Kg3 Ng1 69.Kf2 Nh3+ 70.Kg3 Ng1 71.Kh4 Ne2
72.Nf3 e5 73.dxe5+ Ke6 74.g5 Nf4 75.Kg4 Ng6 76.Kh5 Nf4+ 77.Kh6 d4 78.Nxd4+ Kxe5
79.Ne2 Nxe2 80.g6 Nd4 81.g7 Nf5+ 82.Kh7 Nxg7 83.Kxg7  1/2-1/2

[Event "King's Tournament"]
[Site "Bazna ROM"]
[Date "2007.06.19"]
[Round "4"]
[White "Chiburdanidze,M"]
[Black "Beliavsky,A"]
[Result "1/2-1/2"]
[WhiteElo "2510"]
[BlackElo "2648"]

1.d4 d5 2.c4 c6 3.Nf3 Nf6 4.e3 e6 5.Bd3 Nbd7 6.O-O Ne4 7.Nc3 f5 8.Ne2 Bd6
9.Nf4 Qe7 10.cxd5 exd5 11.Ne1 O-O 12.f3 Ng5 13.Bc2 Nf6 14.Ned3 Bd7 15.Bd2 Rae8
16.Re1 Nf7 17.h4 Nh8 18.a3 Bc8 19.Bb4 Bxb4 20.Nxb4 Nd7 21.g3 h6 22.h5 Qg5
23.Kf2 Re7 24.Qd2 Rfe8 25.Re2 Nf7 26.Rh1 Nd6 27.b3 Nf6 28.Rh4 Nh7 29.Nbd3 Nf8
30.Rh1 Nf7 31.Qc3  1/2-1/2

[Event "King's Tournament"]
[Site "Bazna ROM"]
[Date "2007.06.21"]
[Round "6"]
[White "Chiburdanidze,M"]
[Black "Portisch,L"]
[Result "1/2-1/2"]
[WhiteElo "2510"]
[BlackElo "2512"]

1.d4 d5 2.c4 e6 3.Nf3 Nf6 4.Nc3 Be7 5.Bg5 O-O 6.e3 h6 7.Bh4 b6 8.Bd3 Bb7
9.O-O Nbd7 10.Bg3 c5 11.cxd5 Nxd5 12.Nxd5 Bxd5 13.Rc1 cxd4 14.Bc7 Qe8 15.exd4 Bd8
16.Bd6 Be7 17.Bc7 Bd8 18.Bg3 a6 19.a3 Qe7 20.Bh4 Nf6 21.Ne5  1/2-1/2

[Event "King's Tournament"]
[Site "Bazna ROM"]
[Date "2007.06.22"]
[Round "7"]
[White "Khalifman,A"]
[Black "Chiburdanidze,M"]
[Result "1-0"]
[WhiteElo "2624"]
[BlackElo "2510"]

1.d4 Nf6 2.c4 e6 3.Nf3 Bb4+ 4.Nc3 c5 5.g3 Nc6 6.Bg2 Ne4 7.Bd2 Bxc3 8.bxc3 Nxd2
9.Qxd2 d6 10.O-O O-O 11.Rfd1 Qe7 12.Rab1 Rb8 13.dxc5 dxc5 14.Qd6 Qxd6 15.Rxd6 Na5
16.Ne5 b6 17.Rbd1 f6 18.Nc6 Nxc6 19.Bxc6 f5 20.f4 Ba6 21.Bb5 Bxb5 22.cxb5 Rbe8
23.Rd7 Rf7 24.Kf2 e5 25.Rd8 Rxd8 26.Rxd8+ Rf8 27.Rxf8+ Kxf8 28.fxe5 Kf7 29.Kf3 g5
30.h4 Ke6 31.hxg5 Kxe5 32.g4 f4 33.a4 c4 34.e4 fxe3 35.Kxe3 Kd5 36.Kf4 Ke6
37.Ke4 Kf7 38.Kd5 Kg6 39.Kc6 Kxg5 40.Kb7 Kxg4 41.Kxa7 h5 42.a5  1-0

[Event "King's Tournament"]
[Site "Bazna ROM"]
[Date "2007.06.24"]
[Round "9"]
[White "Timman,J"]
[Black "Chiburdanidze,M"]
[Result "1/2-1/2"]
[WhiteElo "2545"]
[BlackElo "2510"]

1.e4 c6 2.d4 d5 3.e5 Bf5 4.Nc3 a6 5.Be3 e6 6.g4 Bg6 7.Nge2 Ne7 8.Nf4 c5 9.dxc5 Nec6
10.Qe2 d4 11.O-O-O Bxc5 12.Nxg6 hxg6 13.Ne4 Qa5 14.Bg2 Qxa2 15.c3 Ba3 16.Bxd4 Qa1+
17.Kc2 Qxb2+ 18.Kd3 Qxe2+ 19.Kxe2 Nxd4+ 20.cxd4 Nc6 21.Ke3 Rd8 22.Rb1 Na5
23.Bf1 Rd7 24.Ra1 Bb4 25.h4 Nc6 26.Rc1 Ne7 27.Be2 Nd5+ 28.Kf3 Ke7 29.h5 gxh5
30.gxh5 Nb6 31.h6 Rxh6  1/2-1/2

[Event "King's Tournament"]
[Site "Bazna ROM"]
[Date "2007.06.25"]
[Round "10"]
[White "Chiburdanidze,M"]
[Black "Ribli,Z"]
[Result "1/2-1/2"]
[WhiteElo "2510"]
[BlackElo "2580"]

1.d4 Nf6 2.Nf3 d5 3.c4 e6 4.Nc3 c5 5.cxd5 Nxd5 6.e4 Nxc3 7.bxc3 cxd4 8.cxd4 Bb4+
9.Bd2 Bxd2+ 10.Qxd2 O-O 11.Bc4 Nd7 12.O-O b6 13.e5 Bb7 14.Qe3 Rc8 15.Bd3 h6  1/2-1/2

[Event "King's Tournament"]
[Site "Bazna ROM"]
[Date "2007.06.26"]
[Round "11"]
[White "Suba,M"]
[Black "Chiburdanidze,M"]
[Result "1/2-1/2"]
[WhiteElo "2537"]
[BlackElo "2510"]

1.Nf3 Nf6 2.c4 e6 3.g3 a6 4.Bg2 b5 5.b3 c5 6.O-O Bb7 7.Nc3 Qb6 8.e3 Be7 9.Qe2 Ne4
10.Nxe4 Bxe4 11.Bb2  1/2-1/2

[Event "12th ECC Women"]
[Site "Kemer TUR"]
[Date "2007.10.03"]
[Round "1"]
[White "Bensdorp,M"]
[Black "Chiburdanidze,M"]
[Result "1/2-1/2"]
[WhiteElo "2263"]
[BlackElo "2500"]

1.d4 Nf6 2.c4 e6 3.Nf3 Bb4+ 4.Bd2 Bxd2+ 5.Qxd2 d5 6.e3 O-O 7.Nc3 Qe7 8.Bd3 dxc4
9.Bxc4 c5 10.O-O Rd8 11.Qe2 Nc6 12.Rfd1 cxd4 13.exd4 Na5 14.Bd3 Nc6 15.Bc4 Na5
16.Bd3  1/2-1/2

[Event "12th ECC Women"]
[Site "Kemer TUR"]
[Date "2007.10.05"]
[Round "3"]
[White "Lahno,Kateri"]
[Black "Chiburdanidze,M"]
[Result "1/2-1/2"]
[WhiteElo "2459"]
[BlackElo "2500"]

1.e4 c6 2.d4 d5 3.e5 Bf5 4.Nf3 e6 5.Be2 Nd7 6.O-O Bg4 7.Nbd2 Ne7 8.h3 Bh5
9.Nb3 a6 10.Bd2 Bxf3 11.Bxf3 Nf5 12.Rc1 Be7 13.c4 dxc4 14.Rxc4 a5 15.Ra4 Nb6
16.Rxa5 Nxd4 17.Be4 Rb8 18.Ra7 Nxb3 19.Qxb3 Qxd2 20.Qxb6 Qd8 21.Qxd8+ Kxd8
22.Rc1 Bg5 23.Rc4 h6 24.g3 Re8 25.h4 Be7 26.a4 Bf8 27.a5 Re7 28.a6 Rd7 29.axb7 Rdxb7
30.Rxb7 Rxb7 31.Bxc6 Rxb2 32.Rd4+ Kc7 33.Be8 Bc5 34.Rd7+ Kc8 35.Rxf7 Rb7
36.Rf4 Rb4 37.Rf7 Rb7 38.Rf4 Rb4 39.Rf7  1/2-1/2

[Event "12th ECC Women"]
[Site "Kemer TUR"]
[Date "2007.10.06"]
[Round "4"]
[White "Chiburdanidze,M"]
[Black "Topel,Z"]
[Result "1-0"]
[WhiteElo "2500"]
[BlackElo "2246"]

1.d4 Nf6 2.Nf3 g6 3.c4 Bg7 4.g3 d6 5.Bg2 O-O 6.O-O c6 7.Nc3 Nbd7 8.a4 a5
9.b3 Re8 10.Ba3 Nf8 11.Ra2 Bg4 12.h3 Bd7 13.e4 Qc8 14.Kh2 h6 15.Rd2 g5 16.e5 dxe5
17.Nxe5 Bf5 18.Re1 Bh7 19.Qf3 Ng6 20.Nxg6 Bxg6 21.Rxe7 Bh5 22.Qe3 Rxe7 23.Bxe7 Qd7
24.d5 cxd5 25.Bxf6 Bxf6 26.Nxd5 Qf5 27.Qb6 Ra6 28.Qxb7 Re6 29.c5 Re1 30.c6 Kg7
31.Nxf6  1-0

[Event "12th ECC Women"]
[Site "Kemer TUR"]
[Date "2007.10.07"]
[Round "5"]
[White "Chiburdanidze,M"]
[Black "Korbut,E"]
[Result "1/2-1/2"]
[WhiteElo "2500"]
[BlackElo "2443"]

1.d4 d5 2.Nf3 Nf6 3.c4 c6 4.e3 e6 5.Bd3 Nbd7 6.O-O dxc4 7.Bxc4 b5 8.Bd3 Bd6
9.Nbd2 Bb7 10.e4 e5 11.dxe5 Nxe5 12.Nxe5 Bxe5 13.Bc2 c5 14.Nb3 Nd7 15.f4 c4  1/2-1/2

[Event "12th ECC Women"]
[Site "Kemer TUR"]
[Date "2007.10.08"]
[Round "6"]
[White "Sharevich,A"]
[Black "Chiburdanidze,M"]
[Result "1/2-1/2"]
[WhiteElo "2289"]
[BlackElo "2500"]

1.d4 Nf6 2.c4 e6 3.g3 Bb4+ 4.Bd2 Be7 5.Bg2 d5 6.Nf3 O-O 7.O-O c6 8.Bf4 b6
9.Nc3 Bb7 10.Ne5 Nh5 11.Be3 f6 12.Nf3 f5 13.Ne5 Nf6 14.Bf4  1/2-1/2

[Event "ETCC w"]
[Site "Crete GRE"]
[Date "2007.10.28"]
[Round "1"]
[White "Cmilyte,V"]
[Black "Chiburdanidze,M"]
[Result "1-0"]
[WhiteElo "2464"]
[BlackElo "2500"]

1.d4 Nf6 2.c4 e6 3.g3 Bb4+ 4.Bd2 Be7 5.Bg2 d5 6.Nf3 O-O 7.O-O c6 8.Bf4 Nbd7
9.Qc2 b6 10.Rd1 Bb7 11.Ne5 Nxe5 12.dxe5 Nd7 13.cxd5 cxd5 14.e4 dxe4 15.Nc3 Qc7
16.Rac1 Rfc8 17.Bxe4 Bxe4 18.Qxe4 Nc5 19.Nb5 Nxe4 20.Nxc7 Rab8 21.Na6 Rxc1
22.Rxc1 Rd8 23.Rc7 Bg5 24.Bxg5 Nxg5 25.Kg2 f5 26.exf6 gxf6 27.h4 Ne4 28.Kf3 f5
29.Ke3 Rd1 30.Nb4 Re1+ 31.Kf3 Rd1 32.Ke3 Re1+ 33.Kf3 Rd1 34.Rc2 a5 35.Nc6 Kf7
36.Ne5+ Kf6 37.Nc4 Rd3+ 38.Ke2 Rd4 39.Nxb6 Rb4 40.Nc4 Rb5 41.Ke3 a4 42.g4 h6
43.f4 Ke7 44.g5 hxg5 45.hxg5 Kf8 46.Na3 Rb4 47.Nc4 Rb5 48.Rh2 Kg7 49.Rg2 Rb4
50.Ne5 Kf8 51.Nd3 Rc4 52.Rh2 Nd6 53.Rh8+ Kg7 54.Rd8 Re4+ 55.Kf3 Nf7 56.Rd7 Kg6
57.Re7 e5 58.Re6+ Kg7 59.Nxe5 Nxe5+ 60.Rxe5 Rb4 61.Rxf5 Rxb2 62.Ra5 Rxa2
63.Ke4  1-0

[Event "ETCC w"]
[Site "Crete GRE"]
[Date "2007.10.29"]
[Round "2"]
[White "Chiburdanidze,M"]
[Black "Tsiganova,M"]
[Result "1/2-1/2"]
[WhiteElo "2500"]
[BlackElo "2216"]

1.d4 Nf6 2.Nf3 g6 3.c4 Bg7 4.g3 O-O 5.Bg2 d6 6.O-O Nbd7 7.Nc3 e5 8.e3 a6
9.a4 a5 10.b3 Re8 11.Ra2 h6 12.Ba3 Nh7 13.dxe5 Nxe5 14.Nxe5 Bxe5 15.Nb5 h5
16.Rd2 Bg4 17.f3 Bd7 18.f4 Bg7 19.c5 Rxe3 20.cxd6 c6 21.Bc5 Bg4 22.Qc2 Bf5
23.Qd1 Bg4 24.Qc2 Bf5 25.Qa2 Rd3 26.Nc7 Rb8 27.Rxd3 Bxd3 28.Rd1 Bf5 29.Bb6 Qd7
30.Bxa5 Nf6 31.Qf2 Ne4 32.Qa7 Rc8 33.Qxb7 Bg4 34.Bxe4 Bxd1 35.Bxc6 Bd4+ 36.Kg2 Qg4
37.Bf3 Qf5 38.Bxd1 Qxa5 39.Qb5 Qd2+ 40.Qe2 Qc3 41.Nb5 Qc6+ 42.Qf3 Qb6 43.Be2  1/2-1/2

[Event "ETCC w"]
[Site "Crete GRE"]
[Date "2007.11.01"]
[Round "5"]
[White "Chiburdanidze,M"]
[Black "Dembo,Y"]
[Result "1-0"]
[WhiteElo "2500"]
[BlackElo "2448"]

1.d4 Nf6 2.Nf3 g6 3.c4 Bg7 4.g3 O-O 5.Bg2 d6 6.O-O Nc6 7.d5 Na5 8.Nfd2 c5
9.a3 Nd7 10.Ra2 Ne5 11.b3 a6 12.Bb2 b5 13.f4 Ng4 14.Bxg7 Kxg7 15.Qc2 Kg8
16.Qc3 f5 17.e4 fxe4 18.Nxe4 Rb8 19.Nbd2 Bf5 20.Ng5 Nf6 21.Re1 Nb7 22.Ne6 Bxe6
23.Rxe6 Qc7 24.Re2 Rfe8 25.Ra1 Qa5 26.Qd3 Nd8 27.Bh3 bxc4 28.Nxc4 Qb5 29.Re3 Qb7
30.Rd1 Qc7 31.Rde1 Kg7 32.g4 e6 33.Qc3 Kf7 34.dxe6+ Ke7 35.g5 Nh5 36.Rd1 Nb7
37.Bg4 Rg8 38.Bxh5 gxh5 39.Qf6+ Ke8 40.e7 Qc8 41.Nxd6+ Nxd6 42.Rxd6  1-0

[Event "ETCC w"]
[Site "Crete GRE"]
[Date "2007.11.03"]
[Round "6"]
[White "Chiburdanidze,M"]
[Black "Socko,M"]
[Result "1/2-1/2"]
[WhiteElo "2500"]
[BlackElo "2473"]

1.d4 Nf6 2.Nf3 g6 3.c4 Bg7 4.g3 d6 5.Bg2 O-O 6.O-O Nc6 7.Nc3 a6 8.Bf4 Nh5
9.Bg5 h6 10.Be3 Bd7 11.Qd2 Kh7 12.Rac1 e6 13.d5 Ne7 14.g4 Nf6 15.g5 Ng4 16.gxh6 Bxc3
17.Ng5+ Kh8 18.Qxc3+ e5 19.Bd2 Nf5 20.f4 f6 21.fxe5 dxe5 22.Nf3 e4 23.Ng5 e3
24.Be1 Ngxh6 25.Ne4 Qe7 26.Qb4 Qg7 27.Bc3 Rae8 28.c5 Ng4  1/2-1/2

[Event "ETCC w"]
[Site "Crete GRE"]
[Date "2007.11.04"]
[Round "7"]
[White "Kosteniuk,A"]
[Black "Chiburdanidze,M"]
[Result "1/2-1/2"]
[WhiteElo "2515"]
[BlackElo "2500"]

1.e4 e6 2.d4 d5 3.e5 c5 4.c3 Nc6 5.Nf3 Bd7 6.Be2 Nge7 7.Na3 Nf5 8.Nc2 cxd4
9.cxd4 Nb4 10.Ne3 Nxe3 11.fxe3 Be7 12.O-O Rc8 13.a3 Nc6 14.b4 a6 15.Qe1 O-O
16.Bd3 Na7 17.Rf2 Ba4 18.Bb2 Qd7 19.Qd2 Bb5 20.Bc2 Ba4 21.Bd3 Bb5 22.Ne1 f5
23.exf6 Rxf6 24.Nf3 Bxd3 25.Qxd3 Qb5 26.Qb1 Rff8 27.e4 Nc6 28.Qe1 Bf6 29.Rc1 Rcd8
30.Qe3 dxe4 31.Qxe4 Qd5 32.Qxd5 Rxd5 33.Re1 Bxd4 34.Nxd4 Nxd4 35.Bxd4 Rxd4
36.Rxf8+  1/2-1/2

[Event "ETCC w"]
[Site "Crete GRE"]
[Date "2007.11.06"]
[Round "9"]
[White "Danielian,E"]
[Black "Chiburdanidze,M"]
[Result "1/2-1/2"]
[WhiteElo "2458"]
[BlackElo "2500"]

1.d4 Nf6 2.c4 e6 3.g3 Bb4+ 4.Bd2 Bxd2+ 5.Qxd2 d5 6.Bg2 Nbd7 7.Nf3 c6 8.Qc2 b5
9.b3 bxc4 10.bxc4 O-O 11.Nbd2 Ba6 12.O-O Qa5 13.Rfc1 Rac8 14.Qc3 Qa4 15.Rab1 c5
16.dxc5 Rxc5 17.Rb4 Qc6 18.Nd4 Qc7 19.N4b3 Rc6 20.Nd4 Rc5 21.N4b3 Rc6 22.Nd4  1/2-1/2

[Event "13th ECC w"]
[Site "Kallithea GRE"]
[Date "2008.10.19"]
[Round "3"]
[White "Hoang Thanh Trang"]
[Black "Chiburdanidze,M"]
[Result "1/2-1/2"]
[WhiteElo "2483"]
[BlackElo "2489"]

1.d4 e6 2.c4 f5 3.g3 Nf6 4.Bg2 c6 5.Nf3 d5 6.O-O Bd6 7.b3 Qe7 8.Bb2 b6 9.Qc1 Bb7
10.Ba3 Bxa3 11.Nxa3 Nbd7 12.Qb2 a5 13.Rac1 O-O 14.Nb1 Ne4 15.Nc3 Rac8 16.e3 Ba6
17.Rfd1 Nd6  1/2-1/2

[Event "13th ECC w"]
[Site "Kallithea GRE"]
[Date "2008.10.20"]
[Round "4"]
[White "Chiburdanidze,M"]
[Black "Peptan,C"]
[Result "1/2-1/2"]
[WhiteElo "2489"]
[BlackElo "2430"]

1.d4 Nf6 2.Nf3 e6 3.c4 b6 4.a3 Bb7 5.Nc3 d5 6.cxd5 Nxd5 7.e3 Be7 8.Bb5+ c6
9.Bd3 O-O 10.e4 Nxc3 11.bxc3 c5 12.O-O cxd4 13.cxd4 Nd7 14.Qe2 Rc8 15.Bd2 Qc7
16.a4 e5 17.a5 exd4 18.Nxd4 Nc5 19.axb6  1/2-1/2

[Event "13th ECC w"]
[Site "Kallithea GRE"]
[Date "2008.10.21"]
[Round "5"]
[White "Ushenina,A"]
[Black "Chiburdanidze,M"]
[Result "1/2-1/2"]
[WhiteElo "2496"]
[BlackElo "2489"]

1.e4 c6 2.d4 d5 3.Nd2 dxe4 4.Nxe4 Bf5 5.Ng3 Bg6 6.h4 h6 7.Nf3 e6 8.Ne5 Bh7
9.Bd3 Bxd3 10.Qxd3 Nd7 11.f4 Nxe5 12.fxe5 c5 13.Be3  1/2-1/2

[Event "13th ECC w"]
[Site "Kallithea GRE"]
[Date "2008.10.22"]
[Round "6"]
[White "Chiburdanidze,M"]
[Black "Ciuksyte,D"]
[Result "1-0"]
[WhiteElo "2489"]
[BlackElo "2339"]

1.d4 Nf6 2.c4 e6 3.Nf3 Bb4+ 4.Bd2 a5 5.Nc3 d5 6.cxd5 exd5 7.Bg5 O-O 8.e3 Bf5
9.a3 Be7 10.Qb3 a4 11.Nxa4 Nc6 12.Nc3 Na5 13.Qd1 h6 14.Bh4 Re8 15.Bd3 Bxd3
16.Qxd3 Nc4 17.Rb1 c6 18.O-O b5 19.Nd2 Qd7 20.Nb3 Ne4 21.Bxe7 Qxe7 22.Nxe4 Qxe4
23.Qxe4 dxe4 24.Rfc1 Reb8 25.Rc2 f5 26.Kf1 Kf7 27.Ke2 Ke6 28.Rbc1 Rb6 29.Nc5+ Kd5
30.a4 Rbb8 31.b4 Ra7 32.a5 Re8 33.Nb3 Ra6 34.Nd2 Nxd2 35.Kxd2 g6 36.Rc5+ Kd6
37.d5 cxd5 38.Rxb5 Rd8 39.Rcc5 Ke6 40.Kc3 Ke5 41.Rb6 Rd6 42.Rxd6  1-0

[Event "38th Olympiad w"]
[Site "Dresden GER"]
[Date "2008.11.14"]
[Round "2"]
[White "Chiburdanidze,M"]
[Black "Peptan,C"]
[Result "1-0"]
[WhiteElo "2489"]
[BlackElo "2430"]

1.d4 Nf6 2.c4 e6 3.Nf3 c5 4.d5 exd5 5.cxd5 d6 6.h3 g6 7.e4 Bg7 8.Bd3 O-O
9.O-O Re8 10.Re1 Nbd7 11.Nbd2 Nh5 12.a4 Ne5 13.Nxe5 Bxe5 14.Nc4 Bd4 15.g4 Qf6
16.Qd2 Qf3 17.Bf1 Rxe4 18.Ra3 Qf4 19.Qxf4 Rxf4 20.Re8+ Kg7 21.Bxf4  1-0

[Event "38th Olympiad w"]
[Site "Dresden GER"]
[Date "2008.11.16"]
[Round "4"]
[White "Hoang Thanh Trang"]
[Black "Chiburdanidze,M"]
[Result "1/2-1/2"]
[WhiteElo "2483"]
[BlackElo "2489"]

1.d4 e6 2.c4 f5 3.g3 Nf6 4.Bg2 c6 5.Nh3 d5 6.O-O Bd6 7.Qc2 O-O 8.Bf4 Be7
9.Nd2 Nh5 10.Nf3 Nxf4 11.Nxf4 Bd6 12.Nd3 Qe7 13.Rac1 Nd7 14.Nfe5 Bxe5 15.dxe5 Rd8
16.Rfd1 Nf8 17.b4 Bd7 18.Nc5 Be8 19.a3 g5 20.e3 Bh5 21.Rd4 a5 22.cxd5 cxd5
23.Qb2 Rdc8 24.Nb3 Rxc1+ 25.Qxc1 axb4 26.Rxb4 Be8 27.Nd4 Ra4 28.Qb2 Rxb4
29.Qxb4 Qxb4 30.axb4 g4 31.h3 h5 32.hxg4 hxg4 33.f3 gxf3 34.Bxf3 Kf7 35.g4 fxg4
36.Bxg4 Ke7 37.Kf2  1/2-1/2

[Event "38th Olympiad w"]
[Site "Dresden GER"]
[Date "2008.11.17"]
[Round "5"]
[White "Kosteniuk,A"]
[Black "Chiburdanidze,M"]
[Result "0-1"]
[WhiteElo "2525"]
[BlackElo "2489"]

1.e4 c5 2.Nf3 d6 3.d4 cxd4 4.Nxd4 Nf6 5.Nc3 Nc6 6.Bg5 Bd7 7.Qd2 Rc8 8.f4 Nxd4
9.Qxd4 Qa5 10.O-O-O Rxc3 11.Qxc3 Qxc3 12.bxc3 Nxe4 13.Bh4 Nxc3 14.Rd3 Ne4
15.Be2 g6 16.Re1 Bc6 17.Rb3 a6 18.Bf3 f5 19.Bxe4 fxe4 20.Rh3 h5 21.Rc3 d5
22.Bf2 Bh6 23.Be3 Rf8 24.g3 Bg7 25.Ra3 d4 26.Bd2 Rf5 27.Ra5 Kd7 28.Bb4 e5
29.Kb1 Ke6 30.fxe5 Bxe5 31.Rd1 e3 32.Re1 Rf2 33.c3 Be4+ 34.Kc1 Rxh2 35.cxd4 Bxd4
36.Rg1 Rc2+  0-1

[Event "38th Olympiad w"]
[Site "Dresden GER"]
[Date "2008.11.19"]
[Round "6"]
[White "Chiburdanidze,M"]
[Black "Socko,M"]
[Result "1/2-1/2"]
[WhiteElo "2489"]
[BlackElo "2434"]

1.d4 Nf6 2.Nf3 g6 3.c4 Bg7 4.g3 d6 5.Bg2 O-O 6.O-O a6 7.Nc3 Nc6 8.b3 Rb8
9.Nd5 Nh5 10.Bb2 e6 11.Ne3 Bd7 12.Rc1 Ne7 13.Qd2 f5 14.Nc2 Nf6 15.Nb4 Kh8
16.Nd3 Ne4 17.Qc2 Ng8 18.c5 Ngf6 19.e3 Qe8 20.a4 g5 21.Nd2 Bc6 22.cxd6 cxd6
23.Nc4 Ng4 24.h3 Ngf6 25.Nb4 Bd5 26.Nb6 f4 27.exf4 gxf4 28.N4xd5 exd5 29.g4 Ng5
30.Rfe1 Qf7 31.Qf5 f3 32.Bf1 h6 33.Re3 Rbe8 34.Rxe8 Qxe8 35.h4 Nfe4 36.Qxd5 Rf4
37.Rc8 Rxg4+ 38.Kh2 Rxh4+ 39.Kg1 Rg4+ 40.Kh2 Rh4+  1/2-1/2

[Event "38th Olympiad w"]
[Site "Dresden GER"]
[Date "2008.11.21"]
[Round "8"]
[White "Petrenko,S"]
[Black "Chiburdanidze,M"]
[Result "0-1"]
[WhiteElo "2285"]
[BlackElo "2489"]

1.e4 c6 2.d4 d5 3.Nc3 dxe4 4.Nxe4 Bf5 5.Ng3 Bg6 6.h4 h6 7.h5 Bh7 8.Nf3 Nd7
9.Bd3 Bxd3 10.Qxd3 Ngf6 11.Bd2 e6 12.c4 b5 13.cxb5 cxb5 14.Qxb5 Bd6 15.Ne5 Qb8
16.Qxb8+ Rxb8 17.Bc3 Nd5 18.Nc4 Bxg3 19.fxg3 Ke7 20.Kd2 Rhc8 21.Kd3 f5 22.Rae1 N7f6
23.Rh4 Nxc3 24.bxc3 Nd5 25.Rc1 Rc7 26.Ne3 Nxe3 27.Kxe3 Rb2 28.g4 Rxg2 29.gxf5 exf5
30.a4 Kf6 31.d5 Ke5 32.c4 Ra2 33.Re1 Kd6 34.Kd3 Ra3+ 35.Kd4 Rxc4+ 36.Kxc4 Rxa4+
37.Kd3 Rxh4 38.Rg1 Rg4 39.Ra1 Kxd5 40.Ra5+ Ke6 41.Ra6+ Kf7 42.Ke3 Kg8  0-1

[Event "38th Olympiad w"]
[Site "Dresden GER"]
[Date "2008.11.22"]
[Round "9"]
[White "Chiburdanidze,M"]
[Black "Muzychuk,A"]
[Result "1-0"]
[WhiteElo "2489"]
[BlackElo "2508"]

1.d4 Nf6 2.Nf3 c5 3.d5 e6 4.Nc3 b5 5.Bg5 b4 6.Ne4 Bb7 7.c4 bxc3 8.Bxf6 gxf6
9.Nxc3 f5 10.e3 Bg7 11.Bc4 Na6 12.O-O Nb4 13.d6 O-O 14.Rc1 Rc8 15.Na4 Nd5
16.Be2 Bc6 17.Ba6 Rb8 18.Nxc5 Rxb2 19.Nd4 Ba8 20.Re1 Qh4 21.Re2 Rxe2 22.Nxe2 Be5
23.g3 Qh3 24.Bb7 Bxd6 25.Bxa8 Rxa8 26.Nxd7 Rd8 27.Nc5 Bxc5 28.Rxc5 Qg2+ 29.Kxg2 Nxe3+
30.fxe3 Rxd1 31.Ra5  1-0

[Event "38th Olympiad w"]
[Site "Dresden GER"]
[Date "2008.11.23"]
[Round "10"]
[White "Hou Yifan"]
[Black "Chiburdanidze,M"]
[Result "0-1"]
[WhiteElo "2578"]
[BlackElo "2489"]

1.e4 c6 2.d4 d5 3.exd5 cxd5 4.c4 Nf6 5.Nc3 e6 6.Nf3 Bb4 7.cxd5 Nxd5 8.Qc2 Nc6
9.Bd3 h6 10.O-O Nf6 11.Be3 O-O 12.Rac1 Bd6 13.Qe2 b6 14.Rfd1 Bb7 15.Bb1 Qe7
16.a3 Rfd8 17.Nd2 Nb8 18.Nde4 Nbd7 19.Re1 Rac8 20.Rcd1 Nxe4 21.Nxe4 Bxh2+
22.Kxh2 Bxe4 23.Bxe4 Qh4+ 24.Kg1 Qxe4 25.Qa6 Qa8 26.Bf4 Nf8 27.Bg3 Rd7 28.Qd3 Qd5
29.Re2 Ng6 30.Red2 Rcd8 31.Qc3 Ne7 32.Bf4 Nf5 33.f3 Qb7 34.g4 Ne7 35.Bg3 Rd5
36.Bh4 Rc8 37.Qe3 Ng6 38.Bg3 Qd7 39.Kg2 Rd8 40.Be1 h5 41.gxh5 Rxh5 42.Bg3 Rd5
43.Be1 Ne7 44.Bf2 e5 45.Qe4 Nf5 46.Bh4 f6 47.Bf2 exd4 48.Rd3 Re8 49.Qf4 Re2
50.Kf1 Rxb2 51.Qb8+ Kf7 52.Rc1 Ne7 53.Qg3 Qb5 54.Rd1 Rb1  0-1

[Event "FIDE Women's Grand Prix"]
[Site "Instanbul TUR"]
[Date "2009.03.08"]
[Round "2"]
[White "Chiburdanidze,M"]
[Black "Zhao Xue"]
[Result "1/2-1/2"]
[WhiteElo "2516"]
[BlackElo "2508"]

1.d4 Nf6 2.Nf3 e6 3.c4 b6 4.a3 Ba6 5.Qb3 Be7 6.Nc3 O-O 7.e4 d6 8.Be2 Nbd7
9.h3 c6 10.e5 Ne8 11.exd6 Bxd6 12.Bg5 Nef6 13.Rd1 h6 14.Be3 Qc7 15.Qa4 Bb7
16.Qc2 e5 17.c5 bxc5 18.dxe5 Nxe5 19.Nxe5 Bxe5 20.Bxc5 Rfe8 21.O-O Bxc3 22.Bd6 Qa5
23.bxc3 Ne4 24.Bb4 Qb6 25.c4 c5 26.Be1 Ng5 27.f3 Ne6 28.Bc3 Nf4 29.Rfe1 Nxe2+
30.Rxe2 Bc6 31.Rxe8+ Rxe8 32.Rd6 Rd8 33.Rxd8+ Qxd8 34.Qf5 Qd1+ 35.Kh2 Qd6+
36.Qe5 Qxe5+ 37.Bxe5  1/2-1/2

[Event "FIDE Women's Grand Prix"]
[Site "Instanbul TUR"]
[Date "2009.03.09"]
[Round "3"]
[White "Sebag,M"]
[Black "Chiburdanidze,M"]
[Result "1/2-1/2"]
[WhiteElo "2529"]
[BlackElo "2516"]

1.e4 c6 2.d4 d5 3.e5 Bf5 4.Nf3 e6 5.Be2 c5 6.O-O Nc6 7.c3 cxd4 8.cxd4 Nge7
9.Nc3 Bg4 10.h3 Bxf3 11.Bxf3 Nf5 12.Be3 Nxe3 13.fxe3 Be7 14.Be2 Bg5 15.Rf3 O-O
16.Bd3 f6 17.exf6 Rxf6 18.Qe2 Qe7 19.Raf1 Raf8 20.a3 g6 21.g3 Kg7 22.Kg2 Rxf3
23.Rxf3 Rxf3 24.Qxf3 Qf7 25.h4 Qxf3+ 26.Kxf3 Bf6 27.Bb5 Nd8 28.Bd3 Nc6 29.Bb5 Nd8
30.Ba4 a6 31.Ne2 b5 32.Bb3 Nc6 33.Nf4 Nd8 34.Bc2 Kf7 35.Bb3 a5 36.Bc2 Nb7
37.a4 bxa4 38.Bxa4 Ke7 39.h5 g5 40.Nd3 h6 41.b4 axb4 42.Nxb4 Nd6 43.Nc6+  1/2-1/2

[Event "FIDE Women's Grand Prix"]
[Site "Instanbul TUR"]
[Date "2009.03.10"]
[Round "4"]
[White "Chiburdanidze,M"]
[Black "Danielian,E"]
[Result "0-1"]
[WhiteElo "2516"]
[BlackElo "2496"]

1.d4 d5 2.Nf3 Nf6 3.c4 c6 4.e3 e6 5.Bd3 dxc4 6.Bxc4 Nbd7 7.O-O Bd6 8.Nbd2 O-O
9.Bb3 c5 10.Qe2 cxd4 11.exd4 Nb6 12.Ne4 Nbd5 13.Nxf6+ Nxf6 14.Bg5 Bd7 15.Ne5 Be7
16.Qf3 Bb5 17.Rfd1 Qb6 18.a4 Bc6 19.Nxc6 bxc6 20.a5 Qb5 21.Bh4 Rab8 22.Ba4 Qxb2
23.Bxc6 Rfc8 24.Bxf6 Bxf6 25.Ra4 Qc2 26.Bd7 Rc7 27.Rb4 Qxd1+  0-1